Calidad / (Registro nro. 11519)

Detalles MARC
000 -LIDER
fixed length control field 01686cam a22003853a 4500
001 - NÚMERO DE CONTROL
Identificador de número de control 0000708
003 - IDENTIFICACDOR DE NÚMERO DE CONTROL
control field DO-SdBNP
005 - DATE AND TIME OF LATEST TRANSACTION
control field 20171110113449.0
007 - CAMPOS FIJOS DE DESCRIPCIÓN FÍSICA
fixed length control field 0000708
008 - ELEMENTOS DE LONGITUD FIJA
fixed length control field 861112 2011 sp ac 000 0 spa d
010 ## - NUMERO DE CONTROL DE BIBLIOTECA DEL CONGRESO
LC control number
020 ## - ISBN
International Standard Book Number 842671370x (Marcombo)
020 ## - ISBN
International Standard Book Number 9788496334120(Altamar)
040 ## - FUENTE DE CATALOGACIÓN
Agencia que crea de manera original el registro BPMSU
Agencia que realiza la transcripción spa
Agencia que realiza la modificación BPMSU
--
082 #4 - NÚMERO DE CLASIFICACIÓN DECIMAL DE DEWEY
Classification number 621.3
Item number E38c
100 1# - ASIENTO PRINCIPAL -- NOMBRE PERSONAL
Nombre personal Gómez Papasseit, Ramón
245 10 - MENCIÓN DE TITULO
Título Calidad /
Mención de responsabilidad Ramón Gómez Papasseit, Joan Ognasi Moliné Boixareu, Albert Barbany Hurtado ; ilustraciones Ernest Hermoso, Pol Creuheras Borda
260 ## - PUBLICACIÓN, DISTRIBUCIÓN, ETC. (PIE DE IMPRENTA)
Lugar de publicación, distribución, etc Barcelona :
Nombre del editor, distribuidor, etc. Lexus,
Fecha de publicación, distribución, etc 2011.
300 ## - DESCRIPCIÓN FÍSICA
Extensión 119 p. :
Otros detalles físicos il.,
Dimensiones 31 cm.
490 1# - MENCIÓN DE SERIES
Mención de serie Electricidad y electrónica / CFGM instalaciones eléctricas y automáticas
500 ## - NOTA GENERAL
Nota general Se utilizó cutter de la serie para reunir la colección en la estantería
505 ## - NOTA DE CONTENIDO
Título Introducción a la calidad --
-- Infraestructura de la calidad --
-- El sistema de gestión de la calidad --
-- Técnicas de control de la calidad, herramientas y técnicas estadísticas --
-- Técnicas de control de la calidad, técnicas gráficas y creativas --
-- Sistema de los costes totales de la calidad --
600 ## - ENCABEZAMIENTO DE MATERIA--NOMBRE PERSONAL
Nombre personal
Subdivisión temática general
650 #4 - ENCABEZAMIENTO DE MATERIA--TEMÁTICO
Término temático o nombre geográfico como elemento de entrada CALIDAD
650 #4 - ENCABEZAMIENTO DE MATERIA--TEMÁTICO
Término temático o nombre geográfico como elemento de entrada CONTROL DE CALIDAD
700 12 - ASIENTO SECUNDARIO -- NOMBRE PERSONAL
Nombre personal Moliné Boixareu, Joan Ignasi
700 12 - ASIENTO SECUNDARIO -- NOMBRE PERSONAL
Nombre personal Barbany Hurtado, Albert
700 12 - ASIENTO SECUNDARIO -- NOMBRE PERSONAL
Nombre personal Hermoso, Ernest
Mención de responsabilidad il.
700 12 - ASIENTO SECUNDARIO -- NOMBRE PERSONAL
Nombre personal Creuheras Borda, Pol
Mención de responsabilidad il.
830 ## - ASIENTO SECUNDARIO DE SERIE--TÍTULO UNIFORME
Título uniforme Se utilizó cutter de la serie para reunir la colección en la estantería
910 ## - VALIDACIÓN
Validación Se utilizó cutter de la serie para reunir la colección en la estantería
942 ## - ADDED ENTRY ELEMENTS (KOHA)
Source of classification or shelving scheme Dewey Decimal Classification
Koha item type Libros
945 ## - INFORMACIÓN DE PROCESAMIENTO LOCAL
Información de procesamiento local Invetariado extranjerov / 2017 VM
956 ## - LOCAL ELECTRONIC LOCATION AND ACCESS (OCLC)
Método de acceso YLOCKWARD
Materiales especificados 10
Campo enlazado y núm. de secuencia BPMSU
Existencias
Withdrawn status Lost status Source of classification or shelving scheme Damaged status Not for loan Collection code Home library Current library Date acquired Source of acquisition Total Checkouts Full call number Barcode Date last seen Price effective from Koha item type Copy number
    Dewey Decimal Classification     Colección General Biblioteca Pública Metropolitana Salomé Ureña Biblioteca Pública Metropolitana Salomé Ureña 10/11/2016   621.3 E38c BPMSU16100076 10/11/2016 10/11/2016 Libros  
    Dewey Decimal Classification     Colección General Biblioteca Pública Metropolitana Salomé Ureña Biblioteca Pública Metropolitana Salomé Ureña 10/11/2016   621.3 E38c BPMSU16100086 10/11/2016 10/11/2016 Libros e. 2